| 000 | 00559nam a2200169Ia 4500 | ||
|---|---|---|---|
| 008 | 140527s9999 xx 000 0 und d | ||
| 020 | _a9780071801652 | ||
| 050 |
_aHG 4521 _b.Se357836 2013 |
||
| 100 | _aSearcy, Tom. | ||
| 245 |
_aHow to close a deal like Warren Buffett : _blessons from the world’s greatest dealmaker / _cTom Searcy and Henry DeVries |
||
| 260 |
_aNew York : _bMcGraw-Hill, _cc2013. |
||
| 300 |
_a217 p. ; _c24 cm. |
||
| 500 | _aIncludes bibliographical references and index. | ||
| 521 | _aBSBA | ||
| 942 |
_kFOR _cBK |
||
| 999 |
_c117478 _d117478 |
||